[Event "Eurotel World Chess Trophy"]
[Site "Prague CZE"]
[Date "2002.04.28"]
[Round "1"]
[White "Ye,J"]
[Black "Polgar,J"]
[Result "1-0"]
[WhiteTitle "GM"]
[WhiteElo "2676"]
[WhiteCountry "CHN"]
[BlackTitle "GM"]
[BlackElo "2677"]
[BlackCountry "HUN"]

1. e4 c5 2. Nf3 e6 3. d4 cxd4 4. Nxd4 Nc6 5. Nc3 Qc7 6. Be2 a6 7. O-O Nf6 8.
Kh1 Nxd4 9. Qxd4 Bc5 10. Qd3 b5 11. f4 Bb7 12. Bf3 O-O 13. e5 Ne8 14. a4 b4
15. Bxb7 Qxb7 16. Ne4 Be7 17. Be3 Qc6 18. c4 bxc3ep 19. bxc3 d5 20. Nd2 Nc7
21. Bd4 Rab8 22. Nf3 Rb2 23. Ng5 Bxg5 24. fxg5 Qc4 25. Qh3 Ra2 26. Qf3 Rb2
27. h4 g6 28. h5 gxh5 29. Qxh5 Ne8 30. Rf3 Ng7 31. Qh6 Qb3 32. Bc5 Rc8 33.
Qf6 Qb7 34. Be7 Nf5 35. Rxf5 exf5 36. e6 Rf8 37. Bxf8 Kxf8 38. e7+ Ke8 39.
Re1 1-0

[Event "Eurotel World Chess Trophy"]
[Site "Prague CZE"]
[Date "2002.04.28"]
[Round "1"]
[White "Leko,P"]
[Black "Sokolov,I"]
[Result "1/2-1/2"]
[WhiteTitle "GM"]
[WhiteElo "2707"]
[WhiteCountry "HUN"]
[BlackTitle "GM"]
[BlackElo "2647"]
[BlackCountry "BIH"]

1. e4 e5 2. Nf3 Nc6 3. Bb5 a6 4. Ba4 Nf6 5. O-O Be7 6. Re1 d6 7. c3 Bg4 8.
d3 Nd7 9. Be3 O-O 10. h3 Bh5 11. Nbd2 b5 12. Bc2 Kh8 13. Nf1 Bxf3 14. Qxf3
Bg5 15. Rad1 Bxe3 16. Nxe3 Qf6 17. Qe2 Nb6 18. Ng4 Qg5 19. d4 Rae8 20. Ne3
g6 21. g3 h5 22. h4 Qf6 23. Nd5 Nxd5 24. exd5 Na5 25. a4 Nc4 26. b3 Na3 27.
Be4 exd4 28. cxd4 Re7 29. Qd3 Rfe8 30. Re3 Qg7 31. Rde1 f5 32. Bf3 Rxe3 33.
fxe3 g5 34. Qxf5 Rf8 35. Qe4 bxa4 36. bxa4 Nc4 37. Bxh5 Nd2 38. Qg2 gxh4 39.
Qh2 Qxg3+ 40. Qxg3 hxg3 41. Kg2 Ne4 42. Bf3 Nd2 43. Be2 Ne4 44. Bxa6 Rf2+
45. Kh3 Kg7 46. Kg4 g2 47. Rg1 Ra2 48. Bb5 Kf6 49. Kf3 Ng5+ 50. Kg3 Ra3 51.
Rxg2 Rxe3+ 52. Kg4 Re4+ 53. Kh5 Nf3 54. Rg6+ Kf7 55. Rg4 Rxg4 56. Kxg4 Nxd4
57. Bc4 Ke7 58. Kf4 c5 59. dxc6ep Nxc6 60. Ke4 1/2-1/2

[Event "Eurotel World Chess Trophy"]
[Site "Prague CZE"]
[Date "2002.04.28"]
[Round "1"]
[White "Ye,J"]
[Black "Polgar,J"]
[Result "0-1"]
[WhiteTitle "GM"]
[WhiteElo "2676"]
[WhiteCountry "CHN"]
[BlackTitle "GM"]
[BlackElo "2677"]
[BlackCountry "HUN"]

1. e4 c5 2. Nf3 e6 3. d4 cxd4 4. Nxd4 Qb6 5. Nb3 a6 6. Nc3 Qc7 7. Bd3 Nf6 8.
O-O b5 9. f4 b4 10. Nb1 Bb7 11. Qe2 Nc6 12. c4 h5 13. N1d2 a5 14. e5 Ng4 15.
Ne4 a4 16. Nbd2 Nd4 17. Qe1 f5 18. exf6ep gxf6 19. Nf3 Nxf3+ 20. gxf3 f5 21.
fxg4 fxe4 22. Bxe4 Bc5+ 23. Kg2 hxg4 24. a3 b3 25. Bd2 Rh3 26. Qe2 O-O-O 27.
Rae1 Rdh8 28. Rh1 Be3 0-1

[Event "Eurotel World Chess Trophy"]
[Site "Prague CZE"]
[Date "2002.04.29"]
[Round "1"]
[White "Kasparov, G"]
[Black "Polgar,J"]
[Result "1-0"]
[WhiteTitle "GM"]
[WhiteElo "2838"]
[WhiteCountry "RUS"]
[BlackTitle "GM"]
[BlackElo "2677"]
[BlackCountry "HUN"]

1. e4 c5 2. Nf3 d6 3. Bb5+ Nc6 4. Bxc6+ bxc6 5. O-O e5 6. c3 g5 7. d4 g4 8.
Nfd2 cxd4 9. cxd4 exd4 10. Nc4 c5 11. Re1 Be6 12. Nba3 Be7 13. e5 d5 14.
Nd6+ Kf8 15. Bf4 h5 16. b4 c4 17. Qxd4 h4 18. Nab5 Rh5 19. Qe3 Qd7 20. Nd4
Bd8 21. Qd2 Ne7 22. b5 Ng6 23. Nc6 c3 24. Qc1 g3 25. fxg3 hxg3 26. Bxg3 Bb6+
27. Kh1 Kg7 28. Qxc3 Rah8 29. Rf1 Kg8 30. Rae1 f5 31. exf6ep Qh7 32. f7+
Bxf7 33. Qxh8+ Nxh8 34. Ne7+ Kf8 35. Nec8 Qd3 36. Rf3 Qc2 37. Nxf7 Nxf7 38.
Nd6 Qg6 39. Rxf7+ Qxf7 40. Nxf7 Kxf7 41. Re5 Rxe5 42. Bxe5 d4 43. Kg1 Ke6
44. Bb8 Kd5 45. Kf1 Kc4 46. Ke2 d3+ 47. Kd1 Kxb5 48. h4 a5 49. Be5 Bf2 50.
h5 Be3 51. Bg7 1-0

[Event "Eurotel World Chess Trophy"]
[Site "Prague CZE"]
[Date "2002.04.29"]
[Round "1"]
[White "Kramnik,V"]
[Black "Karpov,A"]
[Result "1/2-1/2"]
[WhiteTitle "GM"]
[WhiteElo "2809"]
[WhiteCountry "RUS"]
[BlackTitle "GM"]
[BlackElo "2690"]
[BlackCountry "RUS"]

1. d4 Nf6 2. c4 e6 3. Nc3 Bb4 4. Qc2 O-O 5. a3 Bxc3+ 6. Qxc3 b6 7. Nf3 Bb7
8. e3 d6 9. b4 Nbd7 10. Bb2 c5 11. Be2 Qe7 12. O-O Rfc8 13. dxc5 dxc5 14.
Rfd1 Ne8 15. b5 f6 16. a4 a5 17. bxa6ep Rxa6 18. a5 Rca8 19. Qd2 Bc6 20. Bc3
bxa5 21. Rxa5 Nb6 22. Rb1 Rxa5 23. Bxa5 Na4 24. Rd1 Qa7 25. Bc3 1/2-1/2

[Event "Eurotel Trophy"]
[Site "Prague CZE"]
[Date "2002.05.02"]
[Round "4.2"]
[White "Ivanchuk,V"]
[Black "Anand,V"]
[Result "1/2-1/2"]
[WhiteElo "2711"]
[BlackElo "2752"]
[EventDate "2002.04.28"]

1. d4 d5 2. c4 dxc4 3. e3 Nf6 4. Bxc4 e6 5. Qe2 c5 6. Nf3 cxd4 7. exd4 Bb4+
8. Nc3 O-O 9. O-O Nbd7 10. Bb3 b6 11. Bf4 Bb7 12. Rac1 a6 13. a3 Bxc3 14.
Rxc3 Rc8 15. Rfc1 Rxc3 16. Rxc3 b5 17. Ne5 Ne4 18. Rc1 Ndf6 19. Rd1 Nd6 20.
Nd3 Bd5 21. Bc2 Be4 22. Nc5 Bxc2 23. Qxc2 Nd5 24. Bg3 a5 25. Bxd6 Qxd6 26.
g3 Rc8 27. Qd2 1/2-1/2

[Event "Eurotel Trophy"]
[Site "Prague CZE"]
[Date "2002.05.02"]
[Round "4.3"]
[White "Shirov,A"]
[Black "Karpov,An"]
[Result "0-1"]
[WhiteElo "2704"]
[BlackElo "2690"]
[EventDate "2002.04.28"]

1. e4 e5 2. Nf3 Nf6 3. Nxe5 d6 4. Nf3 Nxe4 5. d4 d5 6. Bd3 Be7 7. O-O Nc6
8. c4 Nb4 9. Be2 O-O 10. Nc3 Bf5 11. a3 Nxc3 12. bxc3 Nc6 13. Re1 dxc4 14.
Bxc4 Bd6 15. Ra2 Qd7 16. Ng5 Na5 17. Bd3 b5 18. Qf3 Bg6 19. Rae2 Nc4 20. a4
a6 21. h4 h6 22. Ne4 Rae8 23. h5 Bh7 24. axb5 axb5 25. Nf6+ gxf6 26. Bxh6
Rxe2 27. Rxe2 Bxd3 28. Qxd3 Re8 29. g3 Rxe2 30. Qxe2 Qe6 31. Qf3 Kh7 32.
Bf4 f5 33. Bxd6 Nxd6 34. Qd1 Qe4 35. Qd2 f4 36. gxf4 Nf5 37. Qa2 Kg7 38.
Qa6 Nh4 39. Kf1 Qd3+ 40. Kg1 Qf3 0-1